[Event "TUN-ch"]
[Site "Istanbul"]
[Date "2021.04.08"]
[Round "6"]
[White "Meftahi, Houssem"]
[Black "Charfeddine, Akrem"]
[Result "1-0"]
[WhiteElo "2110"]
[BlackElo "1942"]
[PlyCount "74"]
[EventDate "2021.04.04"]
[EventType "tourn"]
[EventRounds "9"]
[EventCountry "TUR"]
[SourceTitle "CBM 201 Extra"]
[Source "ChessBase"]
[SourceDate "2021.05.31"]
[SourceVersion "1"]
[SourceVersionDate "2021.05.31"]
[SourceQuality "1"]

1. d4 d5 2. c4 e6 3. Nc3 Nf6 4. Bg5 Be7 5. e3 c6 6. Nf3 Nbd7 7. cxd5 exd5 8. Bd3 0-0 9. Qc2 Re8 10. 0-0 Nf8 11. Bxf6 Bxf6 12. b4 Bg4 13. Nd2 Be7 14. h3 Bc8 15. Rab1 Bd6 16. Nf3 Re6 17. b5 Rf6 18. Ne5 Bxe5 19. dxe5 Rh6 20. Bf5 Qg5 21. Bxc8 Rxc8 22. Nxd5 Qxe5 23. Qf5 Qxf5 24. Ne7+ Kh8 25. Nxf5 Rf6 26. bxc6 Rcxc6 27. Ne7 Rb6 28. Rbc1 g6 29. Nd5 Kg7 30. Nxf6 Kxf6 31. Rb1 Ra6 32. Rxb7 Rxa2 33. Rc1 Ne6 34. Rc8 a5 35. Ra8 a4 36. Raa7 Nc5 37. Rc7 Ke6 1-0

[Event "TUN-ch"]
[Site "Istanbul"]
[Date "2021.04.05"]
[Round "3"]
[White "Jmila, Omar"]
[Black "Meftahi, Houssem"]
[Result "1/2-1/2"]
[WhiteElo "2107"]
[BlackElo "2110"]
[PlyCount "98"]
[EventDate "2021.04.04"]
[EventType "tourn"]
[EventRounds "9"]
[EventCountry "TUR"]
[SourceTitle "CBM 201 Extra"]
[Source "ChessBase"]
[SourceDate "2021.05.31"]
[SourceVersion "1"]
[SourceVersionDate "2021.05.31"]
[SourceQuality "1"]

1. Nf3 d5 2. c4 e6 3. d4 c6 4. e3 Nf6 5. Nc3 Nbd7 6. cxd5 exd5 7. Bd3 Be7 8. 0-0 0-0 9. Qc2 Re8 10. Ne5 Nf8 11. Bd2 Ne6 12. Ne2 c5 13. Bb5 Rf8 14. dxc5 a6 15. Bd3 Nxc5 16. Bf5 Nce4 17. Nd4 Bd6 18. Nef3 g6 19. Bxc8 Rxc8 20. Qb3 Rc4 21. h3 Qd7 22. Qd3 h5 23. b3 Rcc8 24. Rac1 g5 25. Ne2 g4 26. hxg4 hxg4 27. Nfd4 Nxd2 28. Qxd2 Ne4 29. Qd3 f5 30. Nf4 Rc6 31. Nxc6 bxc6 32. Qxa6 Bxf4 33. exf4 Rf6 34. f3 g3 35. Qa8+ Rf8 36. Qxc6 Qh7 37. Qxd5+ Kh8 38. Qd4+ Kg8 39. Rfd1 Nf2 40. Qd5+ Kh8 41. Qe5+ Kg8 42. Qe6+ Kh8 43. Kf1 Nxd1 44. Qe5+ Kg8 45. Qd5+ Kh8 46. Qd4+ Kg8 47. Rxd1 Qh1+ 48. Qg1 Qh6 49. Qe3 Qh1+ 1/2-1/2

[Event "TUN-ch"]
[Site "Istanbul"]
[Date "2021.04.05"]
[Round "2"]
[White "Meftahi, Houssem"]
[Black "Amdouni, Zoubaier"]
[Result "0-1"]
[WhiteElo "2110"]
[BlackElo "2229"]
[PlyCount "92"]
[EventDate "2021.04.04"]
[EventType "tourn"]
[EventRounds "9"]
[EventCountry "TUR"]
[SourceTitle "CBM 201 Extra"]
[Source "ChessBase"]
[SourceDate "2021.05.31"]
[SourceVersion "1"]
[SourceVersionDate "2021.05.31"]
[SourceQuality "1"]

1. d4 Nf6 2. Nf3 g6 3. c4 c5 4. e3 Bg7 5. Nc3 0-0 6. Be2 d6 7. 0-0 Nc6 8. d5 Na5 9. e4 Bg4 10. Nd2 Bxe2 11. Qxe2 Nd7 12. f4 a6 13. Rf3 Re8 14. Rh3 e6 15. dxe6 Rxe6 16. Nf3 Re8 17. Bd2 Nc6 18. Qd3 Nf6 19. a3 Nd4 20. Be3 Ng4 21. Bxd4 cxd4 22. Nd5 Nf6 23. Nd2 Nxd5 24. cxd5 Rc8 25. Rf3 Qc7 26. b4 Qc2 27. Nb3 Qxd3 28. Rxd3 Rxe4 29. Na5 Rc7 30. Rf1 Re3 31. Rfd1 Rc3 32. R3d2 Re7 33. a4 f5 34. b5 axb5 35. axb5 Kf7 36. Rd3 Rc5 37. Rb1 Rxd5 38. Nc4 Rc7 39. Rc1 Kf8 40. Ra3 Rc8 41. b6 d3 42. Re1 Rxc4 43. Ra8+ Kf7 44. Ra7 Bd4+ 45. Kf1 Bxb6 46. Rxb7+ Bc7 0-1

[Event "TUN-ch"]
[Site "Istanbul"]
[Date "2021.04.04"]
[Round "1"]
[White "Hamzaoui, Khalil"]
[Black "Meftahi, Houssem"]
[Result "1/2-1/2"]
[WhiteElo "1883"]
[BlackElo "2110"]
[PlyCount "94"]
[EventDate "2021.04.04"]
[EventType "tourn"]
[EventRounds "9"]
[EventCountry "TUR"]
[SourceTitle "CBM 201 Extra"]
[Source "ChessBase"]
[SourceDate "2021.05.31"]
[SourceVersion "1"]
[SourceVersionDate "2021.05.31"]
[SourceQuality "1"]

1. Nf3 d5 2. c4 e6 3. g3 Nf6 4. Bg2 c6 5. 0-0 Nbd7 6. Qc2 Bd6 7. d4 0-0 8. Nbd2 Qe7 9. e4 dxe4 10. Nxe4 Nxe4 11. Qxe4 e5 12. dxe5 Nxe5 13. Bf4 Nxf3+ 14. Qxf3 Bxf4 15. Qxf4 Qb4 16. b3 Be6 17. Rad1 a5 18. h4 a4 19. Rd3 axb3 20. Rxb3 Qxc4 21. Rxb7 Qxf4 22. gxf4 Rxa2 23. Bxc6 Rc2 24. Be4 Rc5 25. Kh2 g6 26. Rfb1 Kg7 27. R7b5 Rc3 28. Kg2 Re8 29. f3 f5 30. Bd5 Bxd5 31. Rxd5 Rc2+ 32. Kg3 Ree2 33. Rg1 Kh6 34. h5 Re6 35. Rh1 gxh5 36. Rxf5 Rg6+ 37. Kh4 Rf2 38. Rh3 Kg7 39. Rxh5 Rfg2 40. Rg5 Kf6 41. Rxg6+ hxg6 42. Rg3 Rxg3 43. Kxg3 Kf5 44. Kg2 Kxf4 45. Kf2 g5 46. Kg2 g4 47. fxg4 Kxg4 1/2-1/2

[Event "African Online op"]
[Site "Tornelo INT"]
[Date "2021.02.05"]
[Round "9"]
[White "Meftahi, Houssem"]
[Black "Paiva, Donaldo"]
[Result "0-1"]
[WhiteElo "2110"]
[BlackElo "2230"]
[PlyCount "106"]
[EventDate "2021.02.01"]
[EventType "swiss (rapid)"]
[EventRounds "9"]
[EventCountry "NET"]
[SourceTitle "CBM 200 Extra"]
[Source "ChessBase"]
[SourceDate "2021.03.31"]
[SourceVersion "1"]
[SourceVersionDate "2021.03.31"]
[SourceQuality "1"]

1. e4 c6 2. d4 d5 3. e5 Bf5 4. Nf3 e6 5. Be2 Nd7 6. 0-0 h6 7. Nbd2 Ne7 8. Nb3 Bh7 9. Ne1 c5 10. Nxc5 Nxc5 11. dxc5 Nc6 12. Nd3 Be7 13. f4 0-0 14. a3 Bxd3 15. Bxd3 Bxc5+ 16. Kh1 f5 17. Qe1 a5 18. Be3 Qb6 19. Bxc5 Qxc5 20. g4 Ne7 21. h3 Rf7 22. Qg3 Raf8 23. Rg1 Kh8 24. Raf1 Rg8 25. Qh4 g6 26. Rg2 Kh7 27. Rfg1 Rgg7 28. Qf2 Qc7 29. b4 axb4 30. axb4 Qc3 31. b5 Qb4 32. g5 h5 33. Rf1 Nc8 34. Qd2 Qc5 35. Rb1 Nb6 36. Qf2 Rc7 37. Qxc5 Rxc5 38. Ra1 Nc4 39. Ra8 Rxb5 40. Bxc4 dxc4 41. Rd2 Rg8 42. Rd7+ Kh8 43. Ra4 Rc8 44. Rd6 Rb2 45. Rxe6 Rxc2 46. Ra1 Rb2 47. Rc1 c3 48. Rxg6 c2 49. Kg2 Rb1 50. Rxc2 Rxc2+ 51. Kg3 Rb3+ 52. Kh4 Rcc3 53. Rh6+ Kg7 0-1

[Event "African Online op"]
[Site "Tornelo INT"]
[Date "2021.02.04"]
[Round "7"]
[White "Mosutha, Thuso"]
[Black "Meftahi, Houssem"]
[Result "0-1"]
[WhiteElo "1966"]
[BlackElo "2110"]
[PlyCount "86"]
[EventDate "2021.02.01"]
[EventType "swiss (rapid)"]
[EventRounds "9"]
[EventCountry "NET"]
[SourceTitle "CBM 200 Extra"]
[Source "ChessBase"]
[SourceDate "2021.03.31"]
[SourceVersion "1"]
[SourceVersionDate "2021.03.31"]
[SourceQuality "1"]

1. e4 c5 2. d4 cxd4 3. c3 d3 4. Bxd3 Nc6 5. c4 d6 6. Nc3 g6 7. Nf3 Bg7 8. 0-0 Nf6 9. h3 0-0 10. Qe2 Be6 11. Rd1 Qa5 12. Nd5 Rac8 13. b4 Qd8 14. Rb1 Nd7 15. Bg5 f6 16. Be3 b6 17. Rdc1 Nde5 18. Nd4 Nxd4 19. Bxd4 f5 20. exf5 Bxf5 21. Bxf5 Rxf5 22. Kh1 e6 23. Ne3 Rf4 24. Rd1 Qe7 25. g3 Rf7 26. f4 Qb7+ 27. Qg2 Qxg2+ 28. Kxg2 Nxc4 29. Nxc4 Rxc4 30. Bxg7 Kxg7 31. Rxd6 Rc2+ 32. Kf3 e5 33. Re1 exf4 34. gxf4 Rxa2 35. h4 Rh2 36. Kg3 Rb2 37. Re4 Rb3+ 38. Kg2 Rc7 39. Rd2 Kh6 40. Red4 Rcc3 41. Rd7 Rg3+ 42. Kf2 Rbf3+ 43. Ke2 Rxf4 0-1

[Event "African Online op"]
[Site "Tornelo INT"]
[Date "2021.02.03"]
[Round "5"]
[White "Meftahi, Houssem"]
[Black "Vermaak, Ashley Christopher"]
[Result "1-0"]
[WhiteElo "2110"]
[BlackElo "1751"]
[PlyCount "35"]
[EventDate "2021.02.01"]
[EventType "swiss (rapid)"]
[EventRounds "9"]
[EventCountry "NET"]
[SourceTitle "CBM 200 Extra"]
[Source "ChessBase"]
[SourceDate "2021.03.31"]
[SourceVersion "1"]
[SourceVersionDate "2021.03.31"]
[SourceQuality "1"]

1. e4 c5 2. Nf3 d6 3. d4 cxd4 4. Nxd4 Nf6 5. Nc3 a6 6. Bg5 e6 7. f4 Be7 8. Qf3 Qc7 9. 0-0-0 b5 10. Bxf6 Bxf6 11. Bxb5+ Nd7 12. Bxd7+ Qxd7 13. e5 Bb7 14. Qg3 Be7 15. Qxg7 0-0-0 16. Qxf7 Rhf8 17. Qxe6 Rxf4 18. Qc4+ 1-0

[Event "African Online op"]
[Site "Tornelo INT"]
[Date "2021.02.02"]
[Round "3"]
[White "Meftahi, Houssem"]
[Black "Likoko, Elvis Wanasunia"]
[Result "0-1"]
[WhiteElo "2110"]
[BlackElo "1646"]
[PlyCount "44"]
[EventDate "2021.02.01"]
[EventType "swiss (rapid)"]
[EventRounds "9"]
[EventCountry "NET"]
[SourceTitle "CBM 200 Extra"]
[Source "ChessBase"]
[SourceDate "2021.03.31"]
[SourceVersion "1"]
[SourceVersionDate "2021.03.31"]
[SourceQuality "1"]

1. e4 c5 2. Nf3 e6 3. d4 cxd4 4. Nxd4 a6 5. Nc3 Qc7 6. Be3 Nf6 7. Bd3 b5 8. a3 Bb7 9. 0-0 Nc6 10. Nxc6 Qxc6 11. Qe2 Be7 12. Rad1 0-0 13. f4 Bc5 14. Rf3 d5 15. exd5 exd5 16. Bxc5 Qxc5+ 17. Kh1 d4 18. Be4 Rfe8 19. b4 Qb6 20. Bxb7 Qxb7 21. Qd2 dxc3 22. Rxc3 Ne4 0-1

[Event "African Online op"]
[Site "Tornelo INT"]
[Date "2021.02.02"]
[Round "2"]
[White "Rakotomaharo, Fy Antenaina"]
[Black "Meftahi, Houssem"]
[Result "1-0"]
[WhiteElo "2422"]
[BlackElo "2110"]
[PlyCount "77"]
[EventDate "2021.02.01"]
[EventType "swiss (rapid)"]
[EventRounds "9"]
[EventCountry "NET"]
[SourceTitle "CBM 200 Extra"]
[Source "ChessBase"]
[SourceDate "2021.03.31"]
[SourceVersion "1"]
[SourceVersionDate "2021.03.31"]
[SourceQuality "1"]

1. e4 c5 2. Nf3 Nc6 3. Bb5 e6 4. Bxc6 bxc6 5. d3 d6 6. e5 Ne7 7. exd6 Ng6 8. Nbd2 Bxd6 9. Nc4 Bc7 10. Be3 Qd5 11. Qe2 Nf4 12. Bxf4 Bxf4 13. 0-0 0-0 14. Rfe1 f6 15. Qe4 Bc7 16. Nfd2 e5 17. Ne3 Qf7 18. Nb3 Rb8 19. Qxc6 Rb6 20. Qxc5 Bd6 21. Qc4 Be6 22. Qh4 f5 23. Nc4 Be7 24. Qh3 Bxc4 25. dxc4 e4 26. c5 Rh6 27. Qe3 Qh5 28. h3 Kh8 29. Rad1 Bg5 30. Qe2 Qg6 31. Rd6 Bf6 32. Qe3 Re8 33. f4 Qf7 34. c3 Qc4 35. Red1 Rg6 36. c6 Qa4 37. c7 Be7 38. Rd8 Rc6 39. Rxe8+ 1-0